000 02137cam a2200265 4500500
005 20251228050206.0
041 _afre
042 _adc
100 1 0 _aGérard, Gilbert
_eauthor
245 0 0 _aHegel et la fin de la philosophie
260 _c2010.
500 _a61
520 _aCet article se propose d’interroger la compréhension par Hegel de sa propre pensée comme « fin » de l’histoire de la philosophie. Il montre tout d’abord de quelle manière cette compréhension est bien incontestable chez Hegel. Il entreprend ensuite d’analyser la signification essentielle, mais éminemment complexe que revêt la notion de fin ici en question. Il cherche enfin à établir que loin d’être le gage d’un dogmatisme intempérant, la position de fin de la philosophie que Hegel impute à sa pensée est au contraire l’expression de son antidogmatisme résolu qui entend restituer la vérité à son essence dynamique et inquiète, et, de là, à son historicité foncière.
520 _aThis article sets out to inquire into Hegel’s understanding of his own thought as the “end” of the history of philosophy. It shows firstly how Hegel unquestionably understood his philosophy this way. It then sets out to analyse the essential, but highly complex meaning taken on by the concept of “end” in question here. It seeks finally to establish that, far from being a token of immoderate dogmatism, the view of being the end of philosophy which Hegel attributes to his thought is, on the contrary, the expression of his resolute opposition to dogmatism which seeks to restore truth to its dynamic and restless essence, and hence to its fundamental historicity.
690 _aHegel
690 _aHistoire de la philosophie
690 _aIdéalisme allemand
690 _aMétaphysique
690 _aGerman Idealism
690 _aHegel
690 _aHistory of Philosophy
690 _aMetaphysics
786 0 _nArchives de philosophie | 73 | 2 | 2010-05-17 | p. 249-266 | 0003-9632
856 4 1 _uhttps://shs.cairn.info/revue-archives-de-philosophie-2010-2-page-249?lang=fr&redirect-ssocas=7080
999 _c1580105
_d1580105